Planificación didáctica de las unidades 3 de primer año y 6 de segundo año del programa de estudio de matemática de educación media (Registro nro. 21196)

Detalles MARC
000 -CABECERA
Longitud fija campo de control 01165nam a22002297a 4500
003 - IDENTIFICADOR DELl NÚMERO DE CONTROL
Identificador del número de control OSt
005 - FECHA Y HORA DE LA ÚLTIMA TRANSACCIÓN
Fecha y hora de la última transacción 20160620105601.0
008 - CÓDIGOS DE INFORMACIÓN DE LONGITUD FIJA
Códigos de información de longitud fija 150407b2010 slv spa
040 ## - FUENTE DE LA CATALOGACIÓN
Centro transcriptor BMC
082 ## - NÚMERO DE LA CLASIFICACIÓN DECIMAL DEWEY
Númeroo de clasificación 372.7
100 1# - PUNTO DE ACCESO PRINCIPAL-NOMBRE DE PERSONA
9 (RLIN) 34708
Nombre de persona García Reyes, Héctor René
245 10 - MENCIÓN DE TÍTULO
Título Planificación didáctica de las unidades 3 de primer año y 6 de segundo año del programa de estudio de matemática de educación media
Resto del título : Informe de proyecto de graduación
Mención de responsabilidad, etc. Héctor René García Reyes, Israel Reynaldo Rivera R., José Adolfo Ventura Castillo
260 ## - PUBLICACIÓN, DISTRIBUCIÓN, ETC. (PIE DE IMPRENTA)
Lugar de publicación, distribución, etc. Ilobasco (El Salvador)
Nombre del editor, distribuidor, etc. Universidad Católica de El Salvador
Fecha de publicación, distribución, etc. [2010]
300 ## - DESCRIPCIÓN FÍSICA
Extensión 142 h.
Otras características físicas il. col.
Dimensiones 28 cm
500 ## - NOTA GENERAL
Nota general Precede al tít.: Universidad Católica de El Salvador, Centro Regional de Ilobasco
502 ## - NOTA DE TESIS
Nota de tesis Trabajo de graduación para optar al grado académico de Licenciatura en Ciencias de la Educación especialidad en matemática.
650 24 - PUNTO DE ACCESO ADICIONAL DE MATERIA - TÉRMINO DE MATERIA
9 (RLIN) 7302
Término de materia o nombre geográfico como elemento inicial Matemáticas
Subdivisión de materia general Didáctica
700 1# - PUNTO DE ACCESO ADICIONAL - NOMBRE DE PERSONA
9 (RLIN) 34709
Nombre de persona Rivera R., Israel Reynaldo
700 1# - PUNTO DE ACCESO ADICIONAL - NOMBRE DE PERSONA
9 (RLIN) 34710
Nombre de persona Ventura Castillo, José Adolfo
710 2# - PUNTO DE ACCESO ADICIONAL - NOMBRE DE ENTIDAD
9 (RLIN) 1075
Nombre de entidad o nombre de jurisdicción como elemento inicial Universidad Católica de El Salvador
Unidad subordinada Facultad de Ciencias y Humanidades
942 ## - ENTRADA DE ELEMENTOS AGREGADOS (KOHA)
Fuente de clasificaión o esquema Dewey Decimal Classification
Koha [por defecto] tipo de item 4- Trabajo de Graduación
Existencias
Suprimido Perdido Fuente de clasificación o esquema Estropeado Restricciones de uso No para préstamo Código de colección Localización permanente Localización actual Localización en estanter&íacute;as Fecha adquisición Fuente de adquisición Número de inventario Préstamos totales Signatura completa Código de barras Fecha última consulta Fecha del precio de reemplazo Tipo de item de Koha
NULL NULL Dewey Decimal Classification NULL Prestable NULL NULL Biblioteca Centro Regional de Ilobasco Biblioteca Centro Regional de Ilobasco Sala Principal 09/06/2015 CRI 000056   PR-000056 1041561 11/05/2017 11/05/2017 4- Trabajo de Graduación
NULL NULL Dewey Decimal Classification NULL Prestable NULL NULL Biblioteca Miguel de Cervantes - UNICAES Biblioteca Miguel de Cervantes - UNICAES Sala Principal 09/06/2015 Donación - Héctor René García Reyes, Israel Reynaldo Rivera R., José Adolfo Ventura Castillo 000659   P-000659 1031670 09/06/2015 09/06/2015 4- Trabajo de Graduación